000 01025nam a2200301 a 4500
001 C01425925c-9
003 CO-ViMGA
005 20230915234241.0
008 140424s2012 ck a gr 00010 spa d
020 _a9789587530582 (obra completa)
020 _a9789587530612
040 _aCO-ViMGA
_bspa
_cCO-ViMGA
043 _as-ck---
082 0 4 _a306
_bM67a
_219
100 1 _aMora de Jaramillo, Yolanda.
_97050
240 1 0 _aAmazonas-Bibliografía regional
245 1 0 _aAlimentación y cultura en el Amazonas /
_cYolanda Mora de Jaramillo.
250 _aSegunda edición.
260 _aBogotá :
_bMinisterio de Cultura,
_c2012.
300 _a232 páginas :
_bilustraciones ;
_c21 cm.
490 1 _aBiblioteca básica de cocinas tradicionales de Colombia ;
_v11
504 _aIncluye bibliografías.
650 1 4 _aAculturación
_z Leticia (Colombia)
_97161
650 1 4 _aAntropología
_z Leticia (Colombia)
_97163
650 1 4 _aCultura
_z Leticia (Colombia)
_97162
942 _2ddc
_cBK
949 _ac
_bc
999 _c37672
_d37672